<?xml version="1.0" encoding="UTF-8"?>
<record
    xmlns:xsi="http://www.w3.org/2001/XMLSchema-instance"
    xsi:schemaLocation="http://www.loc.gov/MARC21/slim http://www.loc.gov/standards/marcxml/schema/MARC21slim.xsd"
    xmlns="http://www.loc.gov/MARC21/slim">

  <leader>01460nam a2200217Ia 4500</leader>
  <controlfield tag="001">b6905-50051 </controlfield>
  <controlfield tag="003">IT-MiCISF</controlfield>
  <controlfield tag="008">161014s9999||||xx |||||||||||||| ||und||</controlfield>
  <datafield tag="040" ind1=" " ind2=" ">
    <subfield code="a">IT-MiCISF</subfield>
    <subfield code="c">IT-MiCISF</subfield>
  </datafield>
  <datafield tag="041" ind1=" " ind2=" ">
    <subfield code="a">it</subfield>
  </datafield>
  <datafield tag="100" ind1=" " ind2=" ">
    <subfield code="a">Lisi Patrizia</subfield>
  </datafield>
  <datafield tag="245" ind1=" " ind2="0">
    <subfield code="a">La dignit&#xE0; nel morire</subfield>
    <subfield code="b">Intervento sociale, bioetica, cura del fine vita</subfield>
  </datafield>
  <datafield tag="250" ind1=" " ind2=" ">
    <subfield code="a">1a ed.</subfield>
  </datafield>
  <datafield tag="260" ind1=" " ind2=" ">
    <subfield code="a"> Molfetta</subfield>
    <subfield code="b">La Meridiana</subfield>
    <subfield code="c">2010</subfield>
  </datafield>
  <datafield tag="300" ind1=" " ind2=" ">
    <subfield code="a">pp. 143</subfield>
  </datafield>
  <datafield tag="500" ind1=" " ind2=" ">
    <subfield code="a">Floridia R., Martinelli N., Albano U., Lisi P. / morte, eutanasia, servizi-sociali, bioetica, operatori-sociali, atteggiamenti-verso-morte, non-autosufficienza / Oggi, assistere i morenti rappresenta un dovere fondamentale della societ&#xE0; civile nei confronti delle persone. "Il fenomeno &#xE8; nuovo - sottolineano gli AA. - perch&#xE9; oggi si muore sempre pi&#xF9; spesso in ospedale, lontano da casa e dall'affetto dei propri cari. Il malato, cos&#xEC;, si trova affidato alle cure di un'istituzione sanitaria, pubblica o privata, che dispone di mezzi e personale specializzato, ma non in grado di compensare la perdita delle relazioni umane. Si muore in stanze d'ospedale impersonali, male e soli. In quella frattura si consumano, infatti, decisioni di straordinaria densit&#xE0; sul fine vita". Questo libro - scritto  a pi&#xF9; mani - ricostruisce  il dibattito sul tema dell'eutanasia e della cura del fine vita.</subfield>
  </datafield>
  <datafield tag="650" ind1=" " ind2=" ">
    <subfield code="a"> Temi di bioetica / morte</subfield>
    <subfield code="e">011</subfield>
  </datafield>
  <datafield tag="700" ind1=" " ind2=" ">
    <subfield code="a">AA.VV.</subfield>
  </datafield>
  <datafield tag="942" ind1=" " ind2=" ">
    <subfield code="c">BK</subfield>
  </datafield>
  <datafield tag="957" ind1=" " ind2=" ">
    <subfield code="7">1</subfield>
  </datafield>
  <datafield tag="999" ind1=" " ind2=" ">
    <subfield code="a">50051</subfield>
    <subfield code="b">si</subfield>
    <subfield code="g">1</subfield>
    <subfield code="c">210090</subfield>
    <subfield code="d">210090</subfield>
  </datafield>
  <datafield tag="952" ind1=" " ind2=" ">
    <subfield code="0">0</subfield>
    <subfield code="1">0</subfield>
    <subfield code="4">0</subfield>
    <subfield code="6">B_690550051</subfield>
    <subfield code="7">1</subfield>
    <subfield code="a">CISF</subfield>
    <subfield code="b">CISF</subfield>
    <subfield code="d">2016-10-14</subfield>
    <subfield code="l">0</subfield>
    <subfield code="o">b6905-50051 </subfield>
    <subfield code="r">2016-10-14 00:00:00</subfield>
    <subfield code="w">2016-10-14</subfield>
    <subfield code="y">BK</subfield>
    <subfield code="z">Data import 15.10.2016 / by Epidotti, Vaglietti</subfield>
  </datafield>
</record>
